Prénoms rares - Statistiques

Statistiques générales
  • Ce quiz a été pris 401 fois
    382 depuis la dernière actualisation
  • Le résultat moyen est 12 sur 50
Statistiques - réponses
Prénom Personnages % Correct
Blaise Matuidi ( footballeur )
62%
Clovis Cornillac ( acteur-réalisateur )
62%
Iris Mittenaere ( Miss France 2016 )
56%
Aliénor d'Aquitaine ( reine )
51%
Bixente Lizarazu ( footballeur )
49%
Guenièvre Femme du roi Arthur ( légende )
47%
Ruth Elkrief ( journaliste )
47%
Archibald Le Capitaine Haddock ( BD )
42%
Tryphon Le professeur Tournesol (BD )
41%
Céleste Femme de Babar ( littérature )
40%
Aristide Briand ( homme politique )
39%
Kingsley Coman ( footballeur )
37%
Mazarine Pingeot ( écrivaine-professeure )
37%
Albin Michel ( éditeur )
35%
Maud Fontenoy ( navigatrice )
34%
Izïa Higelin ( chanteuse )
33%
Balthazar Oncle Picsou ( BD )
32%
Jasmine Princesse Badroulboudour ( Aladdin )
30%
Perceval Le Gallois ( chevalier de la table ronde )
30%
Apolline De Malherbe ( journaliste )
29%
Stanislas Wawrinka ( Tennisman )
28%
Aymeric Caron ( journaliste-chroniqueur )
27%
Rainier Grimaldi ( prince monégasque de 1949 à 2005 )
27%
Gwendal Pezeirat ( danseur sur glace )
24%
Léopoldine Hugo ( fille aînée de Victor )
24%
Bérengère Krief ( comédienne )
23%
Hippolyte Girardot ( acteur )
23%
Sidonie Bonnec ( animatrice radio-tv )
22%
Amaury Leveaux ( nageur )
21%
Ariel Wizman ( journaliste-chroniqueur )
21%
Nathanaël De Rincquesen ( journaliste )
18%
Gonzague Saint-Bris ( écrivain-journaliste )
16%
Alix Poisson ( actrice )
15%
Calypso Nymphe ayant retenu Ulysse 7 ans ( Odyssée )
15%
Constance De Bonacieux ( grand amour de D'Artagnan )
15%
Cunégonde Amoureuse de Candide ( littérature )
13%
Orane Demazis ( actrice )
13%
Onésime ou Elisée Reclus ( géographes )
12%
Anicet Le Pors ( homme politique )
10%
Augustin Le Grand Meaulnes ( littérature )
8%
Garance Arletty dans "Les enfants du paradis" ( cinéma )
8%
Valérian Agent spatio-temporel ( bande dessinée )
7%
Cyprien Cini ( journaliste Rtl )
4%
Enguerrand De Marigny ( ministre de Philippe IV le Bel )
4%
Côme Saint patron des chirurgiens
3%
Ferdinand Kubler ( cycliste suisse )
3%
Thaïs Courtisane, maîtresse d’Alexandre le Grand
2%
Tiburce Oger ( dessinateur )
2%
Palamède De Guermantes, baron de Charlus ( Proust )
1%
Théobald Dromard dit le Monocle ( cinéma )
1%
Aucun quiz correspondant
Distribution des résultats
% des personnes avec chaque résultat
Percentile par nombre de réponses
Votre historique - résultats
Vous n’avez pas pris ce quiz depuis la dernière actualisation